| 000 | 003450000a22001450004500 | ||
|---|---|---|---|
| 003 | MACL | ||
| 040 | _aMACL | ||
| 090 |
_c2401 _d2401 |
||
| 100 | _aRajagopalachari, C. | ||
| 245 |
_aThe Ramayana as Told by Kamban _bThe Ayoshya Canto |
||
| 260 | _bUnesco Collection Representative Works | ||
| 350 | _a50 | ||
| 650 | _aReligion | ||
| 942 |
_cBOOK _k294 |
||
| 999 |
_c2383 _d2383 |
||